ბათუმის შოთა რუსთაველის სახელმწიფო უნივერსიტეტის ბიბლიოთეკა

გურია: მხარის კვლევა - ძიების შედეგები. N 3 დამატება = ვაშნარი "სპონიეთი" - "გურიანი" / (ბიბ.ჩანაწერი № 59876)

000 -ლიდერი
ფიქსირებული სიგრძის საკონტროლო ველი 01501nam a22001817a 4500
003 - საკონტროლო ნომრის იდენტიფიკატორი
საკონტროლო ველი Ge_BSU
005 - ბოლო ოპერაციის თარიღი და დრო
საკონტროლო ველი 20230504110806.0
008 - ფიქსირებული სიგრძის მონაცემთა ელემენტები - ზოგადი ინფორმაცია
ფიქსირებული სიგრძის საკონტროლო ველი 230504s2003 ge ||||| |||| 00| 0 geo d
041 ## - ენის კოდი
Language code of text/sound track or separate title geo
080 ## - უნივერსალური ათობითი კლასიფიკაციის ინდექსი
Universal Decimal Classification number 902(479.22) ს-15
100 ## - მთავარი ჩანაწერი - პიროვნების სახელი
Personal name სადრაძე, ვაჟა
9 (RLIN) 17946
245 ## - ცნობა სათაურის შესახებ
Title გურია: მხარის კვლევა - ძიების შედეგები. N 3 დამატება = ვაშნარი "სპონიეთი" - "გურიანი" /
Statement of responsibility, etc რედაქტორი ანდრია აფაქიძე; საქართველოს მეცნიერებათა აკადემია არქეოლოგიური კვლევის ცენტრი სიძველეთა შესწავლისა და დაცვის საქველმოქმედო ფონდი "გურია".
264 ## - წარმოების, გამოცემის, დისტრიბუციის და სხვა ცნობები
გამოცემის, წარმოების, დისტრიბუციის... ადგილი თბილისი :
გამოცემის, წარმოების, დისტრიბუციის... სახელწოდება მეცნიერება,
გამოცემის, წარმოების, დისტრიბუციის... თარიღი 2003.
300 ## - ფიზიკური აღწერა
Extent 125 გვ. ;
Other physical details 20 სმ.
700 ## - ADDED ENTRY--PERSONAL NAME
Personal name აფაქიძე, ანდრია
Relator term რედაქტორი
9 (RLIN) 5454
710 ## - ADDED ENTRY--CORPORATE NAME
Corporate name or jurisdiction name as entry element საქართველოს მეცნიერებათა აკადემია. არქეოლოგიური კვლევის ცენტრი.
Subordinate unit სიძველეთა შესწავლისა და დაცვის საქველმოქმედო ფონდი "გურია".
9 (RLIN) 17947
942 ## - ADDED ENTRY ELEMENTS (KOHA)
Source of classification or shelving scheme
Koha item type წიგნი
ეგზემპლარები
ჩამოწერის სტატუსი დაკარგული ეგზემპლარის სტატუსი კლასიფიკაციის წყარო ან თაროზე გაწყობის სქემა დაზიანების სტატუსი არ გაიცემა მუდმივი მდებარეობა (დაცვის ადგილი) ამჟამინდელი ადგილსამყოფელი თაროზე განთავსების ადგილი შეძენის თარიღი ღირებულება, შესყიდვის ნორმალური ფასი სრული შენახვის შიფრი შტრიხკოდი ბოლო ოპერაციის თარიღი ეგზემპლარის მიმდევრობითი ნომერი (კეტერი?) Uniform Resource Identifier ფასის ძალაში შესვლის თარიღი ეგზემპლარის სახეობა საჯარო შენიშვნა
          ბათუმის შოთა რუსთაველის სახელმწიფო უნივერსიტეტის მთავარი ბიბლიოთეკა ბათუმის შოთა რუსთაველის სახელმწიფო უნივერსიტეტის მთავარი ბიბლიოთეკა წიგნსაცავი 2023-05-04 6.00 902(479.22) ს-15 64356 2023-05-04 64356 ბსუ-ს საპატიო დოქტორის გურამ ლორთქიფანიძის საჩუქარი 2023-05-04 წიგნი 6 ლ.
          ბათუმის შოთა რუსთაველის სახელმწიფო უნივერსიტეტის მთავარი ბიბლიოთეკა ბათუმის შოთა რუსთაველის სახელმწიფო უნივერსიტეტის მთავარი ბიბლიოთეკა წიგნსაცავი 2023-05-04 6.00 902(479.22) ს-15 64357 2023-05-04 64357 ბსუ-ს საპატიო დოქტორის გურამ ლორთქიფანიძის საჩუქარი 2023-05-04 წიგნი 6 ლ.